000 00538nam a22001937a 4500
003 OSt
005 20140310182214.0
008 130906t xxu||||| |||| 00| 0 eng d
020 _a075480108X
050 _aTX 724.5
_b.C454 1999
082 _aHS 641.593
_bC36 1999
100 _aChan,Kit
_916927
245 _aThai :
_bthe anthentic taste of an exotic cuisine /
_cKit Chan.
260 _aLondon :
_bLorenz Books,
_c1999.
300 _a64 p. ;
_bill. col. ;
_c23 cm.
650 _aCooking ,Thai
_916928
942 _2lcc
_cHS
999 _c10547
_d10547